تنظيم استثمار المال في المشروعات الاقتصادية في البلدان الإسلامية : دراسة مقارنة /
Saved in:
| Main Author: | |
|---|---|
| Other Authors: | |
| Format: | Thesis |
| Language: | Arabic |
| Published: |
Qahirah :
Jami'ah al-Qahirah,
2010
|
| Subjects: | |
| Tags: |
Add Tag
No Tags, Be the first to tag this record!
|
| LEADER | 013750000a22002530004500 | ||
|---|---|---|---|
| 008 | 150213s2010 ua g 000 0 ara d | ||
| 040 | |a UIAM |b eng | ||
| 041 | |a ara | ||
| 050 | 0 | |a HG5818.A3 | |
| 100 | 1 | |a خليل، عبد العزيز جبر السيد | |
| 242 | 1 | 0 | |a Tanzim istithmar al-mal fi al-mashru'at al-iqtisadiyah fi al-buldan al-Islamiyah : |b dirasah muqaranah |
| 245 | 1 | 0 | |a تنظيم استثمار المال في المشروعات الاقتصادية في البلدان الإسلامية : |b دراسة مقارنة / |c عبد العزيز جبر السيد خليل |
| 260 | |a Qahirah : |b Jami'ah al-Qahirah, |c 2010 | ||
| 300 | |a 2 v. ; |c 31 cm. | ||
| 500 | |a "دراسة دكتوراه مقدمة من الباحث"--On t.p. | ||
| 502 | |a Thesis (Ph D)--Jami'ah al-Azhar, 2010. | ||
| 504 | |a Includes bibliographical references (leaves 346-378). | ||
| 596 | |a 4 | ||
| 655 | |a Theses, Facsimile edition (Islamic) | ||
| 700 | 1 | |a Khalil, 'Abd al-'Aziz Jabr al-Sayyid | |
| 900 | |a nan-nbm-sar | ||
| 999 | |c 438411 |d 469091 | ||
| 952 | |0 0 |6 TI HG 005818 A3 K45T 2010 V2 |7 0 |8 THESES |9 759410 |a IIiBFL |b IIiBFL |c CLOSEACCES |g 760.00 |o ti HG 5818 A3 K45T 2010 v2 |p 00011299598 |r 2017-10-26 |t 1 |v 760.00 |y THESIS | ||
| 952 | |0 0 |6 TI HG 005818 A3 K45T 2010 V1 |7 0 |8 THESES |9 759411 |a IIiBFL |b IIiBFL |c CLOSEACCES |g 760.00 |o ti HG 5818 A3 K45T 2010 v1 |p 00011299597 |r 2017-10-26 |t 1 |v 760.00 |y THESIS | ||
